LEADER 01112nam a2200241 4500 001 000000341820 003 CaOOAMICUS 005 20200831151157.0 008 200831s2012 xxu 000 u eng r 040 $aSeMil$bita 100 1 $aSullivan, Jem.$0(OLS)http://semarc/name/112020 245 14$aThe beauty of holiness :$bsacred art and the New Evangelization /$cJem Sullivan. 264 1$aNew Haven :$bCatholic Infomrmation Service,$ccopyr. 2012. 300 $a26 p. :$bill. ;$c18 cm 490 0 $aThe new evangelization series ;$vAppendix A 500 $aKnights of Columbus 650 4$aNuova evangelizzazione e pastorale - America.$0(OLS)http://semarc/subject/21360 830 4$aThe new evangelization series ;$vAppendix A.$0(OLS)http://semarc/title/430705 850 $aSeMil 852 $aSeMil$W1$xVenegono$y1$m5D XII 28/14$j221294$B232863$CSeMilBibl$Z2$F232863 $81 996 $6245$aThe beauty of holiness :$bsacred art and the New Evangelization$9(OLS)http://semarc/title/430708 996 $6264$aNew Haven :$bCatholic Infomrmation Service$9(OLS)http://semarc/publisher/59264 LEADER 00487nab a2200145 i 4500 001 000000311038 003 CaOOAMICUS 005 20180831173025.0 008 180831n xx uu u0 0und r 013 $a20127 040 $aSeMil$bita 100 1 $aBallerini, Paolo,$c.$0(OLS)http://semarc/name/13798 245 12$aI raggi X di G. Corrado Rontgen. 773 0 $t[Luglio-Dicembre].$g71-81,153-163,2$w()274045 996 $6245$aI raggi X di G. Corrado Rontgen$9(OLS)http://semarc/title/385721